Takarazuka Kinen Winning Horse - Statistics

General Stats
  • This quiz has been taken 14 times
  • The average score is 24 of 62
Answer Stats
Answer % Correct
Meisho Doto メイショウドトウ
100%
T M Opera O テイエムオペラオー
100%
Gold Ship ゴールドシップ
90%
Grass Wonder グラスワンダー
90%
Silence Suzuka サイレンススズカ
90%
Tamamo Cross タマモクロス
90%
Biwa Hayahide ビワハヤヒデ
80%
Inari One イナリワン
80%
Mejiro McQueen メジロマックイーン
80%
Nakayama Festa ナカヤマフェスタ
80%
Satono Crown サトノクラウン
80%
Deep Impact ディープインパクト
70%
Equinox イクイノックス
70%
Mejiro Ryan メジロライアン
70%
Orfevre オルフェーヴル
70%
Tap Dance City タップダンスシチー
70%
Mayano Top Gun マヤのトップガン
60%
Mejiro Palmer メジロパーマー
60%
Shinzan シンザン
60%
Sweep Tosho スイープトウショウ
60%
Dream Journey ドリームジャーニー
50%
Katsu R カツアール
50%
Lovely Day ラブリーディ
50%
Dantsu Flame ダンツフレーム
40%
Hishi Miracle ヒシミラクル
40%
Katsuragi Ace カツラギエース
40%
Titleholder タイトルホルダー
40%
Tosho Boy トウショウボーイ
40%
Admire Moon アドマイヤムーン
30%
Chrono Genesis クロノジェネシス
30%
Mejiro Musashi メジロムサシ
30%
Mikki Rocket ミッキーロケット
30%
Speed Symboli スピードシンボリ
30%
Dantsu Seattle ダンツシアトル
20%
Earnestly アーネストリー
20%
Erimo George エリモジョージ
20%
Haiseiko ハイセイコー
20%
Kodama コドマ
20%
Marialite マリアライト
20%
Marvelous Sunday マーベラスサンデー
20%
Osaichi George オサイチジョージ
20%
Sakura Shori サクラショウリ
20%
Suzuka Koban スズカコバン
20%
Suzu Parade スズパレード
20%
Eight Crown エイトクラウン
10%
Eishin Deputy エイシンでピュティ
10%
Fujino Parthia フジノパーシア
10%
Hagino Kamui O ハギノカムイオ
10%
Lys Gracieux リスグラシュー
10%
Monte Prince モンテプリンス
10%
Naoki ナオキ
10%
Persian Boy パーシャンボール
10%
Taiyo タイヨウ
10%
Caesar シーザー
0%
Date Horai ダテホーライ
0%
Hamano Parade ハマノパレード
0%
Hikaru Pola ヒカルポーラ
0%
Hikaru Takai ヒカルタカイ
0%
Homare Hero ホマレーヒロ
0%
Ryu Forel リユウフオーレル
0%
Shofu Midori ショウフウミドリ
0%
Teru Tenryu テルテンリュウ
0%
No matching quizzes found
Score Distribution
Percent of People with Each Score
Percentile by Number Answered
Your Score History
You have not taken this quiz